=LDR 00000nam 2200000 4500 =001 000209 =005 20250711024502 =035 ##$$a 0010-0725000013 =245 1#$$a Rumah Untuk Tikus : $b tidak ada anak judul /$c Michele Fry =100 #$$a Fry,Michele =250 ##$$a pertama =300 ##$$a 24hlm. : $b ilus. ; $c 22,9 cm =856 ##$$a TBM AS-SYUHADA =700 #$$a Amy Uzzell =260 ##$$a Jakarta Timur :$b Badan Pengembangan dan Pembinaan Bahasa,$c 2022 =082 ##$$a 398.209 598 =008 250711###########################0###### =084 ##$$a 398.209 598 FRY r =990 ##$$a TBM202500002